Word Ladder: Sports Quiz Stats

 Plays Quiz Updated Aug 16, 2012

Also try: Gimme Five: Sports
Challenge
Share
Tweet
Embed
Score 0/36 Timer 03:00
2 Plays Today
Clue Word % Correct
OneFOOT
98.1%
OneBALL
96.5%
OnePOOL
96.2%
OneHOLE
94.9%
OneFOOL
93.4%
OnePOLE
90.3%
OnePOLL
90.1%
OneHALL
86.2%
ThreeBELL
83.9%
OneHALE
81.6%
ThreeSLAM
77.1%
TwoLIME
76.9%
FourDOVE
73.5%
FourLOVE
72.9%
FourLOSE
69.4%
TwoLINE
67.1%
TwoLONE
65.9%
FourBOSS
63.3%
Clue Word % Correct
ThreeSELL
61.4%
FourLOSS
60.5%
FourDOSE
59.2%
TwoLONG
57.6%
FourBOWS
56.5%
ThreeSEAL
54.3%
ThreeBULL
54.3%
ThreeSEAM
53.1%
ThreeDUNK
51.4%
ThreeBUNK
51%
TwoJUMP
46.5%
FourROSE
45.9%
TwoROME
44.2%
TwoRUMP
43.4%
ThreeBULK
42.9%
TwoRIME
40.8%
FourBOWL
37.6%
TwoROMP
37.2%

Today's Daily Dose

You're not logged in!

Compare scores with friends on all Sporcle quizzes.
Join for Free
OR
Log In

You Might Also Like...

Show Comments

Extras

Top Quizzes Today


Score Distribution

Your Account Isn't Verified!

In order to create a playlist on Sporcle, you need to verify the email address you used during registration. Go to your Sporcle Settings to finish the process.

Report this User

Report this user for behavior that violates our Community Guidelines.

Details: